| 000 | 00477nam a22001817a 4500 | ||
|---|---|---|---|
| 003 | NUST - PNEC | ||
| 005 | 20170116180848.0 | ||
| 008 | 150824b xxu||||| |||| 00| 0 eng d | ||
| 020 | _a1560811390 | ||
| 020 | _a3527282734 | ||
| 040 | _cLIBRARY | ||
| 082 | _a541.3 GER | ||
| 100 |
_95542 _aGerischer, Heinz |
||
| 245 |
_aAdvances in electrochemical science and engineering _cHeinz Gerischer |
||
| 260 | _cc1992. | ||
| 650 |
_95546 _aElectrochemistry _xME |
||
| 942 |
_2ddc _cBK |
||
| 999 |
_c64513 _d64513 |
||